[Event "Scarborough CC Spring Into Summer U2000"]
[Site "Toronto CAN"]
[Date "2011.06.16"]
[Round "7"]
[White "Radpey, Abdolreza"]
[Black "Rutherdale, William"]
[Result "0-1"]
[WhiteElo "1710"]
[BlackElo "1697"]
[PlyCount "100"]
[GameId "2160767909770537"]
[EventDate "2011.04.28"]
[EventType "swiss"]
[EventRounds "9"]
[EventCountry "CAN"]
[SourceTitle "EXT 2022"]
[Source "ChessBase"]
[SourceDate "2021.10.06"]
[SourceVersion "1"]
[SourceVersionDate "2021.10.06"]
[SourceQuality "1"]

1. c4 c6 2. Nc3 Nf6 3. e4 d6 4. d4 g6 5. Be3 Bg7 6. Be2 Qa5 7. Bd2 Qb6 8. Bc1 O-O 9. Nf3 Bg4 10. h3 Bxf3 11. Bxf3 Nfd7 12. Ne2 Qb4+ 13. Qd2 Qxc4 14. b3 Qb5 15. Bb2 Rd8 16. O-O Nf6 17. Rfc1 Nbd7 18. Nc3 Qb4 19. Qe3 e5 20. d5 cxd5 21. exd5 Qb6 22. Qd2 Rac8 23. Na4 Qb5 24. Rxc8 Rxc8 25. Rd1 Nb6 26. Be2 Qd7 27. Nxb6 axb6 28. Ba3 Bf8 29. Rc1 Rxc1+ 30. Bxc1 Qc7 31. Bb2 Qc5 32. Bc4 b5 33. b4 Qxc4 34. f4 Qxd5 35. Qc3 Qd4+ 36. Qxd4 exd4 37. Bxd4 Nd5 38. a3 Nxf4 39. Kf2 Ne6 40. Bb2 Bg7 41. Bc1 f5 42. Ke2 d5 43. g3 Kf7 44. h4 Be5 45. Kf3 Nd4+ 46. Kg2 Ne2 47. Bg5 Nxg3 48. Kf3 Ne4 49. Bc1 Ke6 50. Ke3 Bf6 0-1

[Event "Scarborough CC Spring Into Summer U2000"]
[Site "Toronto CAN"]
[Date "2011.06.16"]
[Round "7"]
[White "Sharpe, Sam"]
[Black "Al Ganabi, Yasir"]
[Result "1-0"]
[WhiteElo "1920"]
[BlackElo "1319"]
[PlyCount "51"]
[GameId "2160767909770538"]
[EventDate "2011.04.28"]
[EventType "swiss"]
[EventRounds "9"]
[EventCountry "CAN"]
[SourceTitle "EXT 2022"]
[Source "ChessBase"]
[SourceDate "2021.10.06"]
[SourceVersion "1"]
[SourceVersionDate "2021.10.06"]
[SourceQuality "1"]

1. d4 g6 2. g3 Bg7 3. Bg2 d5 4. Nf3 Nf6 5. O-O O-O 6. c4 b6 7. cxd5 Nxd5 8. e4 Nf6 9. Nc3 Bb7 10. Qc2 Nbd7 11. b4 a6 12. Bb2 e6 13. Rfd1 Qe7 14. a3 Rac8 15. Rac1 Rfd8 16. e5 Nd5 17. Ne4 Bh6 18. Rb1 Kh8 19. Bc1 Bg7 20. Bg5 f6 21. exf6 N7xf6 22. Ne5 Qe8 23. Nxf6 Nxf6 24. Bxb7 Rd6 25. Bxc8 Qxc8 26. Nf7+ 1-0

[Event "Scarborough CC Spring Into Summer U2000"]
[Site "Toronto CAN"]
[Date "2011.06.16"]
[Round "7"]
[White "Verde, Pino"]
[Black "Ugodnikov, Arkadiy"]
[Result "0-1"]
[WhiteElo "1660"]
[BlackElo "1842"]
[PlyCount "128"]
[GameId "2160767909770539"]
[EventDate "2011.04.28"]
[EventType "swiss"]
[EventRounds "9"]
[EventCountry "CAN"]
[SourceTitle "EXT 2022"]
[Source "ChessBase"]
[SourceDate "2021.10.06"]
[SourceVersion "1"]
[SourceVersionDate "2021.10.06"]
[SourceQuality "1"]

1. e4 e5 2. Nf3 Nc6 3. Bc4 Bc5 4. c3 Nf6 5. d3 d6 6. O-O O-O 7. a4 a6 8. a5 Be6 9. Bxe6 fxe6 10. Qb3 Qc8 11. Ng5 d5 12. Be3 Bxe3 13. fxe3 h6 14. exd5 exd5 15. Ne4 Ne7 16. Nxf6+ Rxf6 17. Rxf6 gxf6 18. e4 c6 19. Nd2 Qd7 20. Rf1 Kg7 21. exd5 cxd5 22. Qb6 Rf8 23. Nb3 Nc8 24. Qf2 Qc6 25. Qg3+ Kh7 26. Qh4 Ne7 27. Qb4 Rf7 28. Nc5 Ng6 29. g3 f5 30. c4 d4 31. Ne4 f4 32. gxf4 Nxf4 33. Kh1 Qe6 34. Qd2 Qh3 35. Ng3 Rg7 36. Rxf4 exf4 37. Qxf4 Qg4 38. Qf1 Qd7 39. Ne4 Qc6 40. Qf3 Qg6 41. Ng3 Rf7 42. Qe2 Qf6 43. Kg2 Qc6+ 44. Qe4+ Qxe4+ 45. Nxe4 Kg6 46. b4 Rd7 47. Kf3 Rf7+ 48. Ke2 Rc7 49. Kf3 Kf5 50. h3 Ke5 51. Nc5 Rg7 52. Kf2 Kd6 53. Ne4+ Kc6 54. Kf3 b6 55. Kf4 bxa5 56. bxa5 Rg1 57. Ke5 Ra1 58. Kxd4 Rxa5 59. Nc3 Rh5 60. Nd5 Rxh3 61. Ne7+ Kd7 62. Nf5 h5 63. c5 Rf3 64. Ne3 Rxe3 0-1

[Event "Scarborough CC Spring Into Summer U2000"]
[Site "Toronto CAN"]
[Date "2011.06.16"]
[Round "7"]
[White "Xie, Peter"]
[Black "Stavropoulos, Greg"]
[Result "0-1"]
[WhiteElo "1693"]
[BlackElo "1872"]
[PlyCount "60"]
[GameId "2160767909770540"]
[EventDate "2011.04.28"]
[EventType "swiss"]
[EventRounds "9"]
[EventCountry "CAN"]
[SourceTitle "EXT 2022"]
[Source "ChessBase"]
[SourceDate "2021.10.06"]
[SourceVersion "1"]
[SourceVersionDate "2021.10.06"]
[SourceQuality "1"]

1. e4 c5 2. Nc3 Nc6 3. g3 g6 4. Bg2 Bg7 5. Nf3 d6 6. O-O Bg4 7. h3 Bxf3 8. Bxf3 e6 9. d3 Nge7 10. Re1 O-O 11. Bg2 Rb8 12. a4 a6 13. Bd2 b5 14. axb5 axb5 15. Rb1 Qc7 16. Ne2 b4 17. Qc1 Rfc8 18. c3 Ne5 19. d4 Nd3 20. Qd1 Nxe1 21. Qxe1 bxc3 22. bxc3 Rxb1 23. Qxb1 Rb8 24. Qd1 Rb2 25. Bc1 Rb1 26. Kh2 cxd4 27. cxd4 h5 28. Qa4 Rxc1 29. Nxc1 Qxc1 30. Qd7 Bxd4 0-1

[Event "Scarborough CC Spring Into Summer U2000"]
[Site "Toronto CAN"]
[Date "2011.06.16"]
[Round "7"]
[White "Zhang, John"]
[Black "Zotkin, Daniel"]
[Result "1-0"]
[WhiteElo "1612"]
[BlackElo "1626"]
[PlyCount "55"]
[GameId "2160767909770541"]
[EventDate "2011.04.28"]
[EventType "swiss"]
[EventRounds "9"]
[EventCountry "CAN"]
[SourceTitle "EXT 2022"]
[Source "ChessBase"]
[SourceDate "2021.10.06"]
[SourceVersion "1"]
[SourceVersionDate "2021.10.06"]
[SourceQuality "1"]

1. e4 c5 2. Nf3 Nc6 3. d4 cxd4 4. Nxd4 g6 5. c4 Bg7 6. Be3 Nf6 7. Nc3 O-O 8. Be2 d6 9. O-O Bd7 10. f4 Rc8 11. f5 Ne5 12. b3 a6 13. Qd2 Neg4 14. Bf4 e5 15. fxe6 Bxe6 16. Nxe6 fxe6 17. Qxd6 Qxd6 18. Bxd6 Rfd8 19. e5 Ne3 20. Rf3 Nf5 21. Be7 Nd4 22. Bxd8 Nxf3+ 23. Bxf3 Rxd8 24. exf6 Bxf6 25. Rd1 Re8 26. Ne4 Bg7 27. Nd6 Rd8 28. Nxb7 1-0

[Event "Scarborough CC Spring Into Summer U2000"]
[Site "Toronto CAN"]
[Date "2011.06.23"]
[Round "8"]
[White "Gillis, Doug"]
[Black "Xie, Peter"]
[Result "0-1"]
[WhiteElo "1668"]
[BlackElo "1693"]
[PlyCount "62"]
[GameId "2160767909770542"]
[EventDate "2011.04.28"]
[EventType "swiss"]
[EventRounds "9"]
[EventCountry "CAN"]
[SourceTitle "EXT 2022"]
[Source "ChessBase"]
[SourceDate "2021.10.06"]
[SourceVersion "1"]
[SourceVersionDate "2021.10.06"]
[SourceQuality "1"]

1. d4 Nf6 2. Nc3 d6 3. Bg5 Nbd7 4. Nf3 h6 5. Bf4 b6 6. e4 Bb7 7. Bd3 a6 8. a4 c5 9. Qe2 cxd4 10. Nxd4 e5 11. O-O exf4 12. Nd5 Nxd5 13. exd5+ Ne5 14. Qe4 Qf6 15. Ra3 Be7 16. Nf5 g6 17. Nxe7 Kxe7 18. Re1 Kf8 19. Bf1 Kg7 20. Rb3 b5 21. axb5 axb5 22. Rxb5 Ba6 23. Rb4 Bxf1 24. Kxf1 f3 25. Rb6 fxg2+ 26. Kxg2 Rhe8 27. Qb4 Qg5+ 28. Kh1 Ng4 29. Qc3+ Kh7 30. Rf1 Nxf2+ 31. Rxf2 Ra1+ 0-1

[Event "Scarborough CC Spring Into Summer U2000"]
[Site "Toronto CAN"]
[Date "2011.06.23"]
[Round "8"]
[White "Huston, Scott"]
[Black "Manalo, Pepin"]
[Result "1-0"]
[WhiteElo "1811"]
[BlackElo "1744"]
[PlyCount "69"]
[GameId "2160767909770543"]
[EventDate "2011.04.28"]
[EventType "swiss"]
[EventRounds "9"]
[EventCountry "CAN"]
[SourceTitle "EXT 2022"]
[Source "ChessBase"]
[SourceDate "2021.10.06"]
[SourceVersion "1"]
[SourceVersionDate "2021.10.06"]
[SourceQuality "1"]

1. d4 Nf6 2. c4 g6 3. Nc3 Bg7 4. e4 d6 5. Nf3 O-O 6. h3 Nbd7 7. Bg5 e5 8. d5 Qe7 9. Nb5 Nc5 10. Nd2 a6 11. Nc3 h6 12. Be3 Nh5 13. b4 Nd7 14. g3 c5 15. bxc5 Nxc5 16. Be2 Nf6 17. Nb3 Ncxe4 18. Nxe4 Nxe4 19. Bd3 f5 20. Bxe4 fxe4 21. Qc2 Kh7 22. g4 Bd7 23. Qxe4 Qh4 24. c5 dxc5 25. Nxc5 Bc8 26. O-O-O Rb8 27. Qb4 Qf6 28. Ne4 Qd8 29. g5 h5 30. Bb6 Qe8 31. Qd6 Bf5 32. Nf6+ Bxf6 33. gxf6 Rc8+ 34. Kd2 Kh6 35. Be3+ 1-0

[Event "Scarborough CC Spring Into Summer U2000"]
[Site "Toronto CAN"]
[Date "2011.06.23"]
[Round "8"]
[White "Maister, Martin"]
[Black "Mesiti, Silvano"]
[Result "0-1"]
[WhiteElo "1733"]
[BlackElo "1666"]
[PlyCount "80"]
[GameId "2160767909770544"]
[EventDate "2011.04.28"]
[EventType "swiss"]
[EventRounds "9"]
[EventCountry "CAN"]
[SourceTitle "EXT 2022"]
[Source "ChessBase"]
[SourceDate "2021.10.06"]
[SourceVersion "1"]
[SourceVersionDate "2021.10.06"]
[SourceQuality "1"]

1. c4 g6 2. d4 Bg7 3. Nf3 Nc6 4. e4 e5 5. d5 Nd4 6. Be3 c5 7. dxc6 dxc6 8. Nc3 Qb6 9. Rb1 Bg4 10. Be2 Rd8 11. Nxd4 exd4 12. Bg5 f6 13. Na4 Bxe2 14. Kxe2 Qb4 15. Bd2 Qxc4+ 16. Ke1 Qb5 17. b3 Ne7 18. f3 O-O 19. Kf2 c5 20. Nb2 Nc6 21. Nc4 Ne5 22. Nxe5 fxe5 23. Bg5 Rd7 24. Qd2 Rdf7 25. h4 h5 26. Rh3 Qd7 27. Rg3 Kh7 28. Rc1 b6 29. Rc4 Qb7 30. Rh3 Qxe4 31. Kg1 Qb7 32. b4 Rc8 33. Qc2 Qd5 34. Qd3 Re8 35. bxc5 bxc5 36. g4 e4 37. fxe4 Rxe4 38. gxh5 Re1+ 39. Kh2 Rf2+ 40. Kg3 Qg2# 0-1

[Event "Scarborough CC Spring Into Summer U2000"]
[Site "Toronto CAN"]
[Date "2011.06.23"]
[Round "8"]
[White "Paterson, Jim"]
[Black "Zotkin, Daniel"]
[Result "1-0"]
[WhiteElo "1793"]
[BlackElo "1626"]
[PlyCount "63"]
[GameId "2160767909770545"]
[EventDate "2011.04.28"]
[EventType "swiss"]
[EventRounds "9"]
[EventCountry "CAN"]
[SourceTitle "EXT 2022"]
[Source "ChessBase"]
[SourceDate "2021.10.06"]
[SourceVersion "1"]
[SourceVersionDate "2021.10.06"]
[SourceQuality "1"]

1. e4 c5 2. d4 cxd4 3. c3 dxc3 4. Nxc3 Nc6 5. Nf3 g6 6. Bc4 Bg7 7. O-O Nf6 8. Re1 O-O 9. Bf4 d6 10. h3 Bd7 11. a3 Rc8 12. Qe2 Na5 13. Ba2 b6 14. Rac1 Nb7 15. b4 Nh5 16. Bd2 e6 17. Qa6 Bc6 18. Nb5 Bxb5 19. Qxb5 Qe7 20. Qd3 Rfd8 21. Qb3 h6 22. g3 g5 23. Kg2 Nf6 24. Nd4 Rxc1 25. Bxc1 Qd7 26. Bd2 g4 27. hxg4 Nxg4 28. Nxe6 fxe6 29. Qxe6+ Qxe6 30. Bxe6+ Kh8 31. Bxg4 Bb2 32. a4 1-0

[Event "Scarborough CC Spring Into Summer U2000"]
[Site "Toronto CAN"]
[Date "2011.06.23"]
[Round "8"]
[White "Radpey, Abdolreza"]
[Black "Bellomo, Joe"]
[Result "1-0"]
[WhiteElo "1710"]
[BlackElo "1674"]
[PlyCount "68"]
[GameId "2160767909770546"]
[EventDate "2011.04.28"]
[EventType "swiss"]
[EventRounds "9"]
[EventCountry "CAN"]
[SourceTitle "EXT 2022"]
[Source "ChessBase"]
[SourceDate "2021.10.06"]
[SourceVersion "1"]
[SourceVersionDate "2021.10.06"]
[SourceQuality "1"]

1. c4 Nf6 2. d4 e6 3. Nc3 b6 4. Nf3 Bb7 5. e3 Be7 6. Be2 O-O 7. O-O c5 8. d5 exd5 9. cxd5 d6 10. e4 Nbd7 11. Bf4 Nh5 12. Be3 Nhf6 13. Nd2 Re8 14. Qc2 Bc8 15. Bb5 a6 16. Bc6 Ra7 17. f4 Ng4 18. Rae1 Nxe3 19. Rxe3 b5 20. e5 Rf8 21. Rh3 g6 22. Bxd7 Bxd7 23. Re3 dxe5 24. fxe5 Bg5 25. Ref3 Bh6 26. h3 Bf5 27. Qd1 Re7 28. Rxf5 gxf5 29. Rxf5 Be3+ 30. Kh1 Qb6 31. Nde4 Kh8 32. d6 Re6 33. Nd5 Qb7 34. Nxe3 f6 1-0

[Event "Scarborough CC Spring Into Summer U2000"]
[Site "Toronto CAN"]
[Date "2011.06.23"]
[Round "8"]
[White "Stavropoulos, Greg"]
[Black "Moran-Venegas, Mario"]
[Result "1-0"]
[WhiteElo "1872"]
[BlackElo "1835"]
[PlyCount "77"]
[GameId "2160767909770547"]
[EventDate "2011.04.28"]
[EventType "swiss"]
[EventRounds "9"]
[EventCountry "CAN"]
[SourceTitle "EXT 2022"]
[Source "ChessBase"]
[SourceDate "2021.10.06"]
[SourceVersion "1"]
[SourceVersionDate "2021.10.06"]
[SourceQuality "1"]

1. c4 Nf6 2. Nf3 c6 3. g3 g6 4. b3 Bg7 5. Bb2 O-O 6. Bg2 d6 7. O-O Nbd7 8. d3 e5 9. Nbd2 Rb8 10. Qc2 c5 11. a3 b6 12. b4 Re8 13. e4 Nf8 14. b5 Ne6 15. a4 h6 16. a5 Nh7 17. axb6 axb6 18. Ra7 Nhg5 19. Nxg5 Qxg5 20. h4 Qd8 21. Rfa1 Bb7 22. Nf1 Nd4 23. Qd1 f5 24. Bxd4 exd4 25. exf5 Bxg2 26. Kxg2 gxf5 27. Qh5 Qf6 28. Rd7 Red8 29. Rc7 Rdc8 30. Rd7 Rd8 31. Rc7 Kh7 32. Raa7 Rg8 33. Rf7 Qg6 34. Qxf5 Qxf5 35. Rxf5 Kg6 36. Rd5 Rgd8 37. Nd2 Bf8 38. Ne4 Ra8 39. h5# 1-0

[Event "Scarborough CC Spring Into Summer U2000"]
[Site "Toronto CAN"]
[Date "2011.06.23"]
[Round "8"]
[White "Super, Russell"]
[Black "Zhang, John"]
[Result "0-1"]
[WhiteElo "1419"]
[BlackElo "1612"]
[PlyCount "88"]
[GameId "2160767909770548"]
[EventDate "2011.04.28"]
[EventType "swiss"]
[EventRounds "9"]
[EventCountry "CAN"]
[SourceTitle "EXT 2022"]
[Source "ChessBase"]
[SourceDate "2021.10.06"]
[SourceVersion "1"]
[SourceVersionDate "2021.10.06"]
[SourceQuality "1"]

1. e4 e5 2. Nf3 Nc6 3. Bb5 a6 4. Ba4 Nf6 5. O-O Be7 6. Re1 b5 7. Bb3 d6 8. c3 O-O 9. d4 Bg4 10. d5 Na5 11. Bc2 h6 12. Nbd2 Nh7 13. Nf1 Ng5 14. Ng3 Nxf3+ 15. gxf3 Bh3 16. Kh1 Bg5 17. Bxg5 Qxg5 18. Rg1 g6 19. Bd3 Nb7 20. Be2 Nc5 21. Nh5 Qxh5 22. f4 Qh4 23. Bf3 Qxf4 24. Rg3 Nxe4 25. Bxe4 Qxe4+ 26. f3 Qf5 27. Qd2 Kh7 28. Rag1 Qd7 29. Qf2 Rab8 30. f4 Qf5 31. Qf3 Qxf4 32. Qxf4 exf4 33. Rxh3 Rbe8 34. Rf3 g5 35. h4 f6 36. hxg5 fxg5 37. Rg2 Re3 38. Rxe3 fxe3 39. Re2 Rf1+ 40. Kg2 Rf2+ 41. Rxf2 exf2 42. Kxf2 Kg6 43. Kg3 h5 44. b3 Kf5 0-1

[Event "Scarborough CC Spring Into Summer U2000"]
[Site "Toronto CAN"]
[Date "2011.06.23"]
[Round "8"]
[White "Verde, Pino"]
[Black "Sharpe, Sam"]
[Result "0-1"]
[WhiteElo "1660"]
[BlackElo "1920"]
[PlyCount "138"]
[GameId "2160767909770549"]
[EventDate "2011.04.28"]
[EventType "swiss"]
[EventRounds "9"]
[EventCountry "CAN"]
[SourceTitle "EXT 2022"]
[Source "ChessBase"]
[SourceDate "2021.10.06"]
[SourceVersion "1"]
[SourceVersionDate "2021.10.06"]
[SourceQuality "1"]

1. e4 e6 2. Qe2 c5 3. c3 Nc6 4. f4 d5 5. e5 Nge7 6. Nf3 Nf5 7. Qf2 h5 8. Bd3 Be7 9. Bxf5 exf5 10. d4 cxd4 11. cxd4 Be6 12. Nc3 Rc8 13. a3 Na5 14. Nd2 Bh4 15. g3 Be7 16. h4 O-O 17. Qe2 g6 18. b4 Rxc3 19. bxa5 Rxg3 20. Nf3 Qxa5+ 21. Bd2 Qa6 22. Qxa6 bxa6 23. Kf2 Rg4 24. Bb4 Bxb4 25. axb4 Rb8 26. Rhb1 Rxf4 27. Rxa6 Rb7 28. Ke3 Rg4 29. Kf2 Kg7 30. b5 Rc7 31. Rc6 Rb7 32. Ra6 f4 33. b6 axb6 34. Rbxb6 Rxb6 35. Rxb6 Bf5 36. Rf6 Be6 37. Ng5 Rxh4 38. Nxe6+ fxe6 39. Rxe6 f3 40. Kxf3 Rxd4 41. Re7+ Kh6 42. Rd7 Kg5 43. e6 Kf6 44. e7 Re4 45. Rd6+ Kf7 46. Rxd5 Rxe7 47. Kf4 Kf6 48. Rc5 Ra7 49. Rc6+ Kg7 50. Rc4 Kh6 51. Rc6 Ra4+ 52. Kg3 h4+ 53. Kh3 Kh5 54. Rc8 Ra3+ 55. Kh2 g5 56. Rc5 h3 57. Rd5 Kh4 58. Rd4+ g4 59. Rc4 Ra2+ 60. Kh1 Rf2 61. Kg1 Rf3 62. Kh2 Kg5 63. Rb4 Rf4 64. Rb5+ Kh4 65. Rb2 g3+ 66. Kg1 h2+ 67. Kg2 Rf2+ 68. Rxf2 gxf2 69. Kxh2 f1=R 0-1

[Event "Scarborough CC Spring Into Summer U2000"]
[Site "Toronto CAN"]
[Date "2011.06.23"]
[Round "8"]
[White "Ward, Dean"]
[Black "Armstrong, Robert J"]
[Result "1-0"]
[WhiteElo "1790"]
[BlackElo "1740"]
[PlyCount "45"]
[GameId "2160767909770550"]
[EventDate "2011.04.28"]
[EventType "swiss"]
[EventRounds "9"]
[EventCountry "CAN"]
[SourceTitle "EXT 2022"]
[Source "ChessBase"]
[SourceDate "2021.10.06"]
[SourceVersion "1"]
[SourceVersionDate "2021.10.06"]
[SourceQuality "1"]

1. d4 g6 2. c4 Bg7 3. Nc3 Nf6 4. e4 d6 5. f3 O-O 6. Be3 Nfd7 7. Qd2 c5 8. d5 Qa5 9. Nge2 a6 10. Bh6 b5 11. Bxg7 Kxg7 12. cxb5 axb5 13. Nc1 c4 14. Qd4+ Kg8 15. b3 Nc5 16. bxc4 b4 17. Nb5 Nbd7 18. Be2 b3+ 19. Kf2 Qb4 20. axb3 Rxa1 21. Qxa1 Nxb3 22. Nxb3 Qxb3 23. Rb1 1-0

[Event "Scarborough CC Spring Into Summer U2000"]
[Site "Toronto CAN"]
[Date "2011.06.30"]
[Round "9"]
[White "Armstrong, Robert J"]
[Black "Stavropoulos, Greg"]
[Result "0-1"]
[WhiteElo "1740"]
[BlackElo "1872"]
[PlyCount "84"]
[GameId "2160767909770551"]
[EventDate "2011.04.28"]
[EventType "swiss"]
[EventRounds "9"]
[EventCountry "CAN"]
[SourceTitle "EXT 2022"]
[Source "ChessBase"]
[SourceDate "2021.10.06"]
[SourceVersion "1"]
[SourceVersionDate "2021.10.06"]
[SourceQuality "1"]

1. d4 Nf6 2. c4 c5 3. d5 b5 4. cxb5 a6 5. Nc3 g6 6. e4 d6 7. f4 Nbd7 8. Nf3 Bg7 9. bxa6 O-O 10. Bd3 Bxa6 11. O-O Qb6 12. Bxa6 Rxa6 13. Kh1 Ne8 14. Qe2 Nc7 15. e5 Rb8 16. e6 fxe6 17. dxe6 Nf6 18. Ng5 Nb5 19. Nce4 Nd4 20. Qc4 d5 21. Nxf6+ exf6 22. Qxd5 fxg5 23. e7+ Kh8 24. Qf7 Qe6 25. fxg5 Qxf7 26. Rxf7 Kg8 27. Rf4 Re6 28. Bd2 Rxe7 29. Bc3 Ne2 30. Rc4 Nxc3 31. bxc3 Re5 32. h4 h6 33. gxh6 Bxh6 34. a4 Ra8 35. Rb1 Ra6 36. Rb5 Bf8 37. g4 Re2 38. Rb8 Rd6 39. Rb1 Rdd2 40. h5 Bh6 41. Rb8+ Kf7 42. Rb7+ Ke6 0-1

[Event "Scarborough CC Spring Into Summer U2000"]
[Site "Toronto CAN"]
[Date "2011.06.30"]
[Round "9"]
[White "Gillis, Doug"]
[Black "Rutherdale, William"]
[Result "0-1"]
[WhiteElo "1668"]
[BlackElo "1697"]
[PlyCount "133"]
[GameId "2160767909770552"]
[EventDate "2011.04.28"]
[EventType "swiss"]
[EventRounds "9"]
[EventCountry "CAN"]
[SourceTitle "EXT 2022"]
[Source "ChessBase"]
[SourceDate "2021.10.06"]
[SourceVersion "1"]
[SourceVersionDate "2021.10.06"]
[SourceQuality "1"]

1. d4 d5 2. Nc3 Nf6 3. Bg5 Bf5 4. Bxf6 gxf6 5. e3 e6 6. Bd3 Bxd3 7. Qxd3 f5 8. Qb5+ Nd7 9. Nge2 Bd6 10. Nf4 O-O 11. Qe2 Qg5 12. h4 Qg4 13. O-O-O Qxe2 14. Ncxe2 c5 15. dxc5 Nxc5 16. f3 Rfd8 17. Nd3 Rac8 18. Nd4 a6 19. Nxc5 Bxc5 20. Rd3 Be7 21. Rb3 b5 22. Kb1 Rc4 23. Rd3 Rdc8 24. c3 Bf6 25. g4 fxg4 26. fxg4 b4 27. g5 Bg7 28. Ne2 bxc3 29. bxc3 Bxc3 30. Nxc3 Rxc3 31. Rhd1 Rxd3 32. Rxd3 Rc4 33. Ra3 Rc6 34. Ra4 Kg7 35. h5 f6 36. gxf6+ Kxf6 37. Rg4 Rc3 38. Ra4 Rxe3 39. Rxa6 Rc3 40. a4 Rc7 41. a5 d4 42. Ra8 e5 43. a6 d3 44. a7 d2 45. Rd8 Rxa7 46. Rxd2 Re7 47. Rg2 Rg7 48. Rf2+ Ke6 49. h6 Rg6 50. Rc2 Kf5 51. Rf2+ Kg5 52. Re2 Re6 53. Rh2 Rxh6 54. Rg2+ Kf4 55. Rg8 Rh2 56. Kc1 Ke3 57. Kd1 h5 58. Rg5 e4 59. Ra5 h4 60. Rb5 h3 61. Ra5 Rd2+ 62. Ke1 h2 63. Rh5 Rg2 64. Rh3+ Kf4 65. Kf1 Rg1+ 66. Kf2 h1=Q 67. Rg3 0-1

[Event "Scarborough CC Spring Into Summer U2000"]
[Site "Toronto CAN"]
[Date "2011.06.30"]
[Round "9"]
[White "Huston, Scott"]
[Black "Zhang, John"]
[Result "1-0"]
[WhiteElo "1811"]
[BlackElo "1612"]
[PlyCount "101"]
[GameId "2160767909770553"]
[EventDate "2011.04.28"]
[EventType "swiss"]
[EventRounds "9"]
[EventCountry "CAN"]
[SourceTitle "EXT 2022"]
[Source "ChessBase"]
[SourceDate "2021.10.06"]
[SourceVersion "1"]
[SourceVersionDate "2021.10.06"]
[SourceQuality "1"]

1. d4 Nf6 2. c4 g6 3. Nc3 Bg7 4. e4 d6 5. Nf3 O-O 6. h3 e5 7. d5 a5 8. Bg5 Na6 9. Be2 h6 10. Be3 Bd7 11. g4 g5 12. Nd2 c6 13. h4 Nh7 14. hxg5 Nxg5 15. f4 exf4 16. Bxf4 Qe7 17. Qc2 Nc5 18. O-O-O cxd5 19. Nxd5 Qd8 20. Bxd6 Bxg4 21. Bxf8 Bxe2 22. Bxc5 Bxd1 23. Kxd1 Qd7 24. Ne7+ Kh8 25. Nf5 Qe6 26. Nxg7 Kxg7 27. Qc3+ Kg8 28. Rg1 Kh7 29. Be3 f6 30. Bxg5 fxg5 31. Qd4 Qe7 32. Rf1 Kg6 33. Qd5 Ra6 34. Qg8+ Qg7 35. Qe8+ Kh7 36. Rf7 Rg6 37. Rxg7+ Rxg7 38. Qh5 g4 39. Nf1 g3 40. Qf5+ Kg8 41. Nxg3 Rxg3 42. Qc8+ Kh7 43. Qc7+ Rg7 44. Qf4 a4 45. e5 a3 46. bxa3 h5 47. e6 h4 48. Qxh4+ Kg8 49. Qd8+ Kh7 50. e7 Rg1+ 51. Ke2 1-0

[Event "Scarborough CC Spring Into Summer U2000"]
[Site "Toronto CAN"]
[Date "2011.06.30"]
[Round "9"]
[White "Maister, Martin"]
[Black "Verde, Pino"]
[Result "1-0"]
[WhiteElo "1733"]
[BlackElo "1660"]
[PlyCount "101"]
[GameId "2160767909770554"]
[EventDate "2011.04.28"]
[EventType "swiss"]
[EventRounds "9"]
[EventCountry "CAN"]
[SourceTitle "EXT 2022"]
[Source "ChessBase"]
[SourceDate "2021.10.06"]
[SourceVersion "1"]
[SourceVersionDate "2021.10.06"]
[SourceQuality "1"]

1. c4 c5 2. Nc3 Nc6 3. g3 b6 4. Bg2 Bb7 5. e4 e6 6. Nge2 Nf6 7. O-O Be7 8. a3 O-O 9. e5 Ng4 10. f4 a6 11. Bf3 Nh6 12. d3 Qc7 13. Be3 Nf5 14. Bf2 Ncd4 15. Nxd4 cxd4 16. Bxb7 Qxb7 17. Ne4 Ne3 18. Bxe3 dxe3 19. Qf3 d5 20. exd6 Kh8 21. dxe7 Qxe7 22. Qxe3 Rad8 23. Rfd1 f6 24. b4 e5 25. fxe5 Qxe5 26. Qxb6 Rxd3 27. Rxd3 Qxa1+ 28. Kg2 Qa2+ 29. Nf2 Qxc4 30. Qd6 Qc8 31. Qd5 f5 32. Rd4 h6 33. Rc4 Qe8 34. Rd4 Qe3 35. Rd3 Qg5 36. Nh3 Qf6 37. Nf4 Rc8 38. Rd2 g5 39. Ne6 Re8 40. Nc5 f4 41. gxf4 gxf4 42. Ne4 f3+ 43. Kf1 Qa1+ 44. Rd1 Qg7 45. Ng3 Qe7 46. Qd4+ Kg8 47. Qg4+ Kh8 48. Qd4+ Kg8 49. Kf2 Rf8 50. Qg4+ Kh8 51. Rd7 1-0

[Event "Scarborough CC Spring Into Summer U2000"]
[Site "Toronto CAN"]
[Date "2011.06.30"]
[Round "9"]
[White "Sharpe, Sam"]
[Black "Manalo, Pepin"]
[Result "1-0"]
[WhiteElo "1920"]
[BlackElo "1744"]
[PlyCount "93"]
[GameId "2160767909770555"]
[EventDate "2011.04.28"]
[EventType "swiss"]
[EventRounds "9"]
[EventCountry "CAN"]
[SourceTitle "EXT 2022"]
[Source "ChessBase"]
[SourceDate "2021.10.06"]
[SourceVersion "1"]
[SourceVersionDate "2021.10.06"]
[SourceQuality "1"]

1. d4 Nf6 2. Nf3 g6 3. g3 Bg7 4. Bg2 d5 5. O-O O-O 6. c4 c6 7. Nc3 dxc4 8. Ne5 Be6 9. e4 Qc8 10. a4 Rd8 11. f4 Ng4 12. Nf3 Na6 13. h3 Nh6 14. Kh2 Nc5 15. Qe2 Nb3 16. Be3 Nxa1 17. Rxa1 f5 18. Ng5 Bxd4 19. Bxd4 Rxd4 20. exf5 Bxf5 21. g4 Bd3 22. Qxe7 Qd7 23. Bd5+ Rxd5 24. Nxd5 Qxe7 25. Nxe7+ Kf8 26. Re1 Kg7 27. Nxc6 bxc6 28. Re7+ Kf8 29. Rxh7 Ng8 30. Ne6+ Ke8 31. Nc7+ Kd8 32. Nxa8 Nf6 33. Rxa7 Nd5 34. Kg3 Kc8 35. Rg7 Kb8 36. Rg8+ Kb7 37. h4 Bc2 38. a5 Ka6 39. Nb6 Nxb6 40. axb6 Kxb6 41. Kf2 Kc5 42. Ke3 Bd3 43. h5 gxh5 44. gxh5 Kb4 45. Kd2 Be4 46. h6 Kc5 47. Rg7 1-0

[Event "Scarborough CC Spring Into Summer U2000"]
[Site "Toronto CAN"]
[Date "2011.06.30"]
[Round "9"]
[White "Triefeldt, Jack"]
[Black "Bellomo, Joe"]
[Result "1/2-1/2"]
[WhiteElo "1714"]
[BlackElo "1674"]
[PlyCount "65"]
[GameId "2160767909770556"]
[EventDate "2011.04.28"]
[EventType "swiss"]
[EventRounds "9"]
[EventCountry "CAN"]
[SourceTitle "EXT 2022"]
[Source "ChessBase"]
[SourceDate "2021.10.06"]
[SourceVersion "1"]
[SourceVersionDate "2021.10.06"]
[SourceQuality "1"]

1. Nf3 d5 2. d4 Nf6 3. c4 e6 4. Bg5 Be7 5. e3 O-O 6. Nc3 b6 7. cxd5 Nxd5 8. Bxe7 Qxe7 9. Nxd5 exd5 10. Be2 Nd7 11. O-O Nf6 12. Ne5 Ne4 13. Bd3 f5 14. f4 Rf6 15. Rc1 Rh6 16. Qe1 c5 17. b3 Bb7 18. Nf3 Rf8 19. dxc5 Nxc5 20. Bb1 Ba6 21. Rf2 Bb7 22. Rd2 Ne4 23. Rdc2 Nc5 24. Rc3 Ne6 25. Nd4 Nxd4 26. exd4 Qb4 27. Qe5 Rhf6 28. Rc7 Qa3 29. R1c2 Qa6 30. Re7 Qd3 31. Rc1 Qd2 32. Qe3 Qxe3+ 33. Rxe3 1/2-1/2